| 000 | 00576nam a2200145 a 4500 | ||
|---|---|---|---|
| 005 | 20140414093833.0 | ||
| 008 | 020927s19uu xx 00 eng d | ||
| 050 |
_aVHS 800 _bOR 08 |
||
| 245 |
_aHiraya Manawari. Volume 17 : _bMga kwento ni Lola Basyang. |
||
| 250 | _aVol. 17 | ||
| 260 | _bABS-CBN. | ||
| 520 | _aWhen Adelino, a small-town tailor with big dreams, tries on the chaleco of Senorito Rosaldo, one of his clients, he is suddenly seized with the desire to become a " senorito" He poses as Manuel Alfredo, the Seniorito's son. | ||
| 942 | _cAVM | ||
| 999 |
_c108845 _d108845 |
||